Online Catalogue and eLibrary

Nachchu valayam (Record no. 3876)

MARC details
000 -LEADER
fixed length control field 00415nam a2200157Ia 4500
005 - DATE AND TIME OF LATEST TRANSACTION
control field 20250319021035.0
008 - FIXED-LENGTH DATA ELEMENTS--GENERAL INFORMATION
fixed length control field 240331s9999 xx 000 0 und d
082 ## - DDC Classification
Item Number - Author Mark NAZ
Class No. 894
100 ## - MAIN ENTRY--PERSONAL NAME
Personal name Nazeerudeen, s
245 #0 - TITLE STATEMENT
Title Nachchu valayam
260 ## - PUBLICATION, DISTRIBUTION, ETC.
Place of publication, distribution, etc. Sainthamaruthu
Name of publisher, distributor, etc. Sainthamaruthu Kalai Ilakkiya Veddam
Date of publication, distribution, etc. 2004
300 ## - PHYSICAL DESCRIPTION
Extent (e.g. Volumes, Pages etc.) 134 p .,
500 ## - GENERAL NOTE
General note A novel based Muslim peoples
650 ## - SUBJECT ADDED ENTRY--TOPICAL TERM
Topical term or geographic name entry element Xvi, 134 p.,
942 ## - Koha item type (Biblio)
Koha item type Books in Stacks (Lending)
Holdings
Lost status Damaged status Collection code Home library Current library Shelving location Date acquired Full call number Accession Number Item type
    Lending WERC Library WERC Library Social Science Cupboard 03/31/2024 894.811 NAZ 5923 Books in Stacks (Lending)

© WERC Library